La bataille de Poitiers: octobre 733

Spremljeno u:
Bibliografski detalji
Glavni autori: Roy, Jean-Henri (Autor), Devoise, Jean (Autor)
Format: Knjiga
Jezik:francuski
Izdano: París Gallimard 1966
Serija:Trente Journées qui ont Fait la France, 2
Teme:
Oznake: Dodaj oznaku
Bez oznaka, Budi prvi tko označuje ovaj zapis!

MARC

LEADER 00000nam a2200000 a 4500
001 UCO0840
003 CL-VaPUC
008 000428e19660000FR |||||||||||||||||fre|d
082 0 4 |a 944.013  |b ROY  |2 21 
100 0 |a Roy, Jean-Henri  |e author  |9 442396 
700 0 |a Devoise, Jean  |e author  |9 442397 
245 1 3 |a La bataille de Poitiers: octobre 733 
300 |a 349 p 
942 |c BK 
945 |d 20000428 00:00:00  |a rherrera 
260 |a París  |b Gallimard  |c 1966 
650 7 |a HISTORIA DE FRANCIA SIGLO 8  |2 CL-VaPUC  |9 442398 
650 7 |a BATALLA DE POITIERS  |2 CL-VaPUC  |9 442399 
650 7 |a SARRACENOS  |2 CL-VaPUC  |9 440833 
651 0 |a Francia  |9 255157 
583 |a last modification  |c 20160817 11:33:44  |k Rodrigo Vera 
490 0 |a Trente Journées qui ont Fait la France, 2 
999 |c 287486  |d 287484 
952 |0 0  |1 0  |4 0  |6 944_013000000000000_ROY_1966  |7 0  |8 A  |9 334359  |a BIBHIS  |b BIBHIS  |d 2019-11-20  |i 1266942  |o 944.013 ROY 1966  |p 1266942  |r 2025-01-20  |w 2019-11-20  |y BK  |k HIS